LEADER 01395nam 2200373 n 450 001 996383791603316 005 20221108105328.0 035 $a(CKB)1000000000582202 035 $a(EEBO)2240936600 035 $a(UnM)99851869 035 $a(EXLCZ)991000000000582202 100 $a19920415d1636 uy | 101 0 $aeng 135 $aurbn||||a|bb| 200 12$aA paraphrase vpon the Psalmes of David$b[electronic resource] $eAnd vpon the hymnes dispersed throughout the Old and New Testaments. By G.S 210 $aLondon $cAt the Bell in St. Pauls Church-yard [i.e. the shop of Andrew Hebb]$dM.DC.XXXVI. [1636] 215 $a[16], 224, 227-258, 257-271, [1] p 300 $aBy George Sandys, whose name appears on [A]5r. 300 $aIn verse. 300 $aThe roman numeral date is made with turned C's; at foot of title: Cum privilegio RegiƦ Majestatis. 300 $aVariant: lacking the period after "David" on title page. 300 $aBookseller's name from STC. 300 $aThe first leaf is blank. 300 $aReproduction of the original in the British Library. 330 $aeebo-0018 700 $aSandys$b George$f1578-1644.$0709605 801 0$bCu-RivES 801 1$bCu-RivES 801 2$bCStRLIN 801 2$bWaOLN 906 $aBOOK 912 $a996383791603316 996 $aA paraphrase vpon the Psalmes of David$92409170 997 $aUNISA